AN INT. JOU. OF QUT. RESEARCH AYURVEDA (AYU) (Record no. 1144951)

MARC details
000 -LEADER
fixed length control field 00340nam a2200145Ia 4500
008 - FIXED-LENGTH DATA ELEMENTS--GENERAL INFORMATION
fixed length control field 240112s2016 xx 000 0 und d
022 ## - INTERNATIONAL STANDARD SERIAL NUMBER
International Standard Serial Number 9748520
041 ## - LANGUAGE CODE
Language code of text/sound track or separate title eng
082 ## - DEWEY DECIMAL CLASSIFICATION NUMBER
Classification number 616
100 ## - MAIN ENTRY--PERSONAL NAME
Personal name PATEL K.S.
245 ## - TITLE STATEMENT
Title AN INT. JOU. OF QUT. RESEARCH AYURVEDA (AYU)
260 ## - PUBLICATION, DISTRIBUTION, ETC.
Name of publisher, distributor, etc. MEDKNOW
Date of publication, distribution, etc. 2016
300 ## - PHYSICAL DESCRIPTION
Extent 1-294
Dimensions 1-4
440 ## - SERIES STATEMENT/ADDED ENTRY--TITLE
Volume/sequential designation 37
Holdings
Withdrawn status Lost status Damaged status Not for loan Collection Home library Current library Date acquired Source of acquisition Cost, normal purchase price Total Checkouts Full call number Barcode Date last seen Price effective from Koha item type
          Medical College & Hospital, Sangli Medical College & Hospital, Sangli 16/01/2024 ANNUAL SUBSCRIPTION 373.00   616 MCS-BV-4171 16/01/2024 16/01/2024 Bound Journals